[Event "UKR-ch 83rd"]
[Site "Lvov"]
[Date "2014.11.15"]
[Round "5"]
[White "Ivanchuk, Vassily"]
[Black "Moiseenko, Alexander"]
[Result "1/2-1/2"]
[WhiteElo "2726"]
[BlackElo "2701"]
[Annotator "Havasi,G"]
[PlyCount "81"]
[EventDate "2014.11.11"]
[EventType "tourn"]
[EventRounds "11"]
[EventCountry "UKR"]
[EventCategory "17"]
[SourceTitle "CBM 164"]
[Source "ChessBase"]
[SourceDate "2015.01.15"]
[SourceVersion "1"]
[SourceVersionDate "2015.01.15"]
[SourceQuality "1"]

1. c4 e5 2. Nc3 Bb4 3. Nd5 Bc5 4. Nf3 c6 5. Nc3 Qe7 (5... d6 {is the most
popular move.}) 6. g3 $146 {This is already a novelty.} (6. d4 {was played
before} exd4 7. Nxd4 Nf6 8. e3 (8. Nf5 Qf8 9. Be3 Na6 10. Bxc5 Qxc5 11. Nd6+
Ke7 12. Nxc8+ Rhxc8 13. e3 Kf8 $13 {Predke-Volkov, Moscow 2014}) 8... O-O 9.
Be2 Rd8 10. Bf3 d5 11. cxd5 cxd5 12. O-O Nc6 $13 {Malakhov-Bologan, Chisinau
2014}) 6... Nf6 ({In the event of the immediate} 6... e4 {White has the strong}
7. d4 $1 Bb4 8. Nd2 Nf6 9. Qb3 $14 {with a slight advantage.}) 7. Bg2 (7. d4 {
is also possible} exd4 8. Nxd4 $13) 7... O-O (7... e4 {is also possible
immediately} 8. Nh4 d5 (8... d6 9. d4 exd3 10. Qxd3 $13) 9. cxd5 cxd5 10. d4
Bb6 (10... Bb4 11. O-O O-O {transposes to the game}) 11. Bg5 Be6 $13) 8. O-O e4
(8... d6 $11 {is a normal move}) (8... d5 9. cxd5 e4 $1 (9... cxd5 10. d4 exd4
11. Nxd4 $14) 10. Nh4 {leads to the game.}) 9. Nh4 d5 10. cxd5 cxd5 {This
recapture allows White to seize the initiative.} (10... h6 $3 {is the
suggestion of the computer, Black wants to avoid Bg5 in the future} 11. d4 Bb6
12. d6 $1 Qxd6 13. Nxe4 Nxe4 14. Bxe4 Qxd4 15. Qxd4 Bxd4 $11) 11. d4 $1 Bb4 ({
After} 11... Bb6 {White should attack Black's centre with some active moves:}
12. Bg5 Be6 13. f3 exf3 14. Rxf3 Nbd7 15. Nf5 $36) 12. Bg5 Bxc3 (12... Be6 {
is also good} 13. f3 Bxc3 14. bxc3 exf3 15. exf3 Nbd7 {White has some slight
advantage, but the game isn't easy.}) 13. bxc3 Be6 (13... Nbd7 $1 {is better,
it's more important to develop the knight:} 14. Nf5 Qe6 15. Ne3 b6 $13) 14. Rb1
$1 {White puts some pressure on the b7-pawn and wants to prevent ...Nbd7.} (14.
f3 {would transpose to the 12...Be6 line, but White has a stronger move.})
14... b6 $6 {This is the logical move to prepare for moving the knight, but
this allows White a good answer.} ({Even so,} 14... Nbd7 $5 {is still better}
15. Rxb7 Rfb8 16. Qb3 Qd8 {and the game is pretty unclear, as Black has some
compensation for the P, because of White's pawn structure and badly placed
pieces on the kingside.}) 15. f3 (15. c4 $1 {is even better} Nbd7 16. cxd5 Bxd5
17. Nf5 $36) 15... exf3 16. Bxf6 (16. Rxf3 $6 Nbd7 $132) (16. exf3 $1 {is
suddenly unpleasant for Black:} Nbd7 17. Re1 $36) 16... Qxf6 17. Bxf3 Qg5 (
17... Qd8 {is also possible} 18. e4 Nc6 {and Black isn't worse.}) 18. Ng2 {
White puts the knight on f4, where it's much better placed.} (18. c4 $1 {
would be the most exact attacking move} Nc6 19. Ng2 Qd8 $1 (19... Ne7 20. Nf4
$36) 20. e4 dxe4 21. Bxe4 Qxd4+ 22. Qxd4 Nxd4 23. Bxa8 Rxa8 24. Rbd1 $14) 18...
Nd7 (18... Na6 {is the suggestion of the computer. The idea of this move is to
move the N to c7, where it willl defend the structure} 19. Nf4 Nc7 20. Qb3 $14)
19. Nf4 Nf6 20. Qc1 {White prepares the threat of Nxd5 and wants to play c4.} (
20. c4 Rac8 $1 21. cxd5 Bf5 {and Black has good compensation as the squares
are weak in White's postion.}) 20... h6 $1 {Black defends the queen.} 21. c4
Rad8 (21... Rac8 {doesn't work} 22. Nxd5 $1 Bxd5 23. Qxg5 hxg5 24. cxd5 $14)
22. cxd5 Nxd5 23. Nxe6 {White decides to take the bishop, but he won't have
enough advantage.} ({Giving up the bishop with} 23. Bxd5 {is an interesting
move, White has direct ideas in connection with Rb5, but it won't be dangerous
for Black} Bxd5 24. Rb5 Rfe8 $1 $13) ({If White plays the intermediate} 23. Rb5
{Black has to play} a6 24. Nxe6 fxe6 25. Qxg5 hxg5 26. Rb3 {and compared to
the game, Black's pawn structure is slightly weakened} b5) 23... fxe6 24. Qxg5
hxg5 25. Rb3 Nf6 (25... Rc8 26. e4 Nc3 27. Rf2 $14) 26. Rd3 Rc8 (26... g4 27.
Bg2 Rc8 $13) 27. Rfd1 Rc2 (27... g4 {would be a logical and good move, after
which Black may even have some chances:} 28. Bg2 Rc2 29. R3d2 Rfc8 $132) 28.
Re3 (28. R1d2 Rc1+ 29. Rd1 Rxd1+ 30. Rxd1 g4 31. Bg2 Rc8 $132) 28... Kf7 (28...
g4 29. Be4 (29. Bg2 Kf7 $132) 29... Nd5 30. Bxc2 Nxe3 31. Rc1 Kf7 {There is no
...Rc8, because Bh7] would win.} 32. Kf2 Nxc2 33. Rxc2 Ke7+ 34. Ke3 $11) 29. a3
{The simplest move.} (29. Ra3 a5 30. Rb1 g4 31. Bb7 Rxe2 32. Rxb6 Rd8 33. Ba6
Rc2 $132) 29... Rfc8 30. d5 $1 $11 exd5 31. Bxd5+ Kf8 32. Bb3 R2c3 33. Rd8+
Rxd8 34. Rxc3 Ke7 (34... Re8 35. Kf1 {is also equal. White's weak structure is
compensated for by his bishop and dynamic active resources.}) 35. Kg2 g4 36.
Ba4 Nd5 37. Rd3 Rd6 38. Kf2 Nf6 39. Re3+ Kd8 40. Bb3 Rc6 41. Rd3+ 1/2-1/2

[Event "UKR-ch 83rd"]
[Site "Lvov"]
[Date "2014.11.16"]
[Round "6"]
[White "Ivanchuk, Vassily"]
[Black "Zubarev, Alexander2"]
[Result "0-1"]
[WhiteElo "2726"]
[BlackElo "2588"]
[PlyCount "76"]
[EventDate "2014.11.11"]
[EventType "tourn"]
[EventRounds "11"]
[EventCountry "UKR"]
[EventCategory "17"]
[SourceTitle "CBM 164"]
[Source "ChessBase"]
[SourceDate "2015.01.15"]
[SourceVersion "1"]
[SourceVersionDate "2015.01.15"]
[SourceQuality "1"]

1. d4 Nf6 2. c4 e6 3. Nc3 Bb4 4. f3 O-O 5. a3 Bxc3+ 6. bxc3 Nh5 7. Nh3 f5 8.
Bg5 Qe8 9. g4 fxg4 10. fxg4 Nf6 11. Qd3 d6 12. Bxf6 $146 ({RR} 12. Bg2 Nc6 13.
O-O e5 14. Bxf6 gxf6 15. Be4 Bxg4 16. Bxh7+ Kh8 17. Bg6 Qd7 18. Bf5 Qg7 19. Kh1
Ne7 20. Bxg4 Qxg4 21. Rg1 Qh4 22. Qf3 Rg8 23. dxe5 dxe5 24. Raf1 Rxg1+ 25. Nxg1
f5 26. Qxb7 Rg8 {Kelires,A (1965)-Palaskos,M (1697) Achaea 2012 1-0 (48)}) ({RR
} 12. Nf2 e5 13. Bxf6 Rxf6 14. Bg2 Nc6 15. O-O Bd7 16. Bd5+ Kh8 17. Ne4 Rxf1+
18. Rxf1 Qg6 19. h3 exd4 20. cxd4 Re8 21. Qf3 h6 22. Qf8+ Kh7 23. Bf7 Qxg4+ 24.
hxg4 Rxf8 25. Bg6+ Kxg6 26. Rxf8 Nxd4 {Schwarz,D (2352)-Pulpan,J (2218)
Pardubice 2014 1/2-1/2 (59)}) ({RR} 12. Nf2 e5 13. Bg2 Nc6 14. Bxf6 Rxf6 15.
O-O Kh8 16. Ne4 Rg6 17. h3 Bd7 18. Rf2 Nd8 19. d5 b6 20. Raf1 Nb7 21. Qe3 Kg8
22. Ng5 Nc5 23. Ne6 Bxe6 24. dxe6 c6 25. e7 Ne6 26. Rf8+ {1-0 (26) Carlsen,M 
(2801)-Morozevich,A (2750) Moscow 2009}) ({RR} 12. Nf2 Nc6 13. h3 b6 14. Bg2
Ba6 15. Bxf6 Rxf6 16. Ne4 Rg6 17. Nd2 d5 18. Qg3 Qf7 19. e4 Na5 20. cxd5 exd5
21. e5 Rd8 22. Bf1 Bxf1 23. Rxf1 Qd7 24. Kf2 h5 25. Kg1 hxg4 26. Rf4 Rf8 {
Volkov,S (2612)-Durarbayli,V (2476) Rijeka 2010 1-0}) 12... Rxf6 13. Bg2 Nc6
14. Be4 g6 15. g5 Rf8 16. Nf2 e5 17. h4 Kg7 18. h5 Qf7 19. Qg3 gxh5 20. Bd5 Qg6
21. Ne4 Kh8 22. O-O-O Ne7 23. Rdf1 Bf5 24. Nd2 Nxd5 25. cxd5 exd4 26. cxd4 Bg4
27. Rxf8+ Rxf8 28. Qe3 Qe8 29. Ne4 Kg7 30. Kd2 Rf7 31. Qd3 Re7 32. Ng3 Qg6 33.
Rf1 Qxg5+ 34. e3 Qg6 35. e4 h4 36. Nf5+ Bxf5 37. exf5 Qg2+ 38. Kc3 Kf6 0-1

[Event "UKR-ch 83rd"]
[Site "Lvov"]
[Date "2014.11.20"]
[Round "9"]
[White "Kuzubov, Yuriy"]
[Black "Ivanchuk, Vassily"]
[Result "1/2-1/2"]
[WhiteElo "2661"]
[BlackElo "2726"]
[PlyCount "54"]
[EventDate "2014.11.11"]
[EventType "tourn"]
[EventRounds "11"]
[EventCountry "UKR"]
[EventCategory "17"]
[SourceTitle "CBM 164"]
[Source "ChessBase"]
[SourceDate "2015.01.15"]
[SourceVersion "1"]
[SourceVersionDate "2015.01.15"]
[SourceQuality "1"]

1. e4 e5 2. Nf3 Nc6 3. Bb5 a6 4. Bxc6 dxc6 5. O-O Qe7 6. d4 exd4 7. Qxd4 Bg4 8.
Ne5 ({RR} 8. Bf4 Nf6 9. Nc3 Nh5 10. Qe3 Nxf4 11. Qxf4 h5 12. e5 O-O-O 13. Rad1
Re8 14. Rfe1 g5 15. Qe3 Kb8 16. Qxg5 Qxg5 17. Nxg5 Bxd1 18. Rxd1 Bg7 19. f4 f6
20. Nge4 Rhf8 21. Rf1 Re7 22. g3 fxe5 {Motylev,A (2677)-Svidler,P (2730)
Olginka 2011 1/2-1/2}) ({RR} 8. Nbd2 Qc5 9. Qe5+ Qxe5 10. Nxe5 Be6 11. Ndf3 Bd6
12. Nd3 Be7 13. b3 Nf6 14. Re1 O-O 15. Bf4 Rac8 16. Rad1 Rfd8 17. h3 h6 18. Be5
Ne8 19. Rd2 c5 20. Red1 c4 21. Nf4 cxb3 22. axb3 Rxd2 {Halt,D (2113)-Diez,G 
(2024) Hofheim 2014 1-0 (60)}) 8... Bh5 $146 ({RR} 8... Rd8 9. Qc3 Bc8 10. Nd3
Qf6 11. Bf4 Qxc3 12. Nxc3 Bd6 13. Be3 f6 14. f4 Nh6 15. Rae1 O-O 16. h3 Nf7 17.
Rd1 b6 18. Nf2 Rfe8 19. Ne2 Bf8 20. Rxd8 Rxd8 21. b3 Nd6 22. Ng3 c5 23. c4 {
Karttunen,M (2423)-Eljanov,P (2683) Rogaska Slatina 2011 0-1 (47)}) ({RR} 8...
Rd8 9. Qc3 Bh5 10. f3 Qb4 11. Nd3 Qxc3 12. Nxc3 f6 13. Re1 Bd6 14. e5 fxe5 15.
Bg5 Nf6 16. f4 e4 17. Nxe4 O-O 18. Re3 Bg6 19. Bxf6 gxf6 20. Rae1 Bxe4 21. Rxe4
Kf7 22. Kf2 c5 23. Kf3 {Wandzik,W (2179)-Blaszkiewicz,M (1879) Borowice 2012
1-0 (60)}) 9. Nd3 Be2 10. Re1 Rd8 11. Qc3 Bxd3 12. cxd3 Nf6 13. d4 Qb4 14. Be3
Ng4 15. Bd2 Qxd4 16. Qg3 Qd7 17. h3 Nf6 18. Ba5 Be7 19. Bxc7 Rc8 20. Ba5 O-O
21. Nc3 Qe6 22. Rad1 Rfe8 23. e5 Nd7 24. Qg4 Nf8 25. Qxe6 Nxe6 26. Ne4 b6 27.
Bc3 Red8 1/2-1/2

[Event "UKR-ch 83rd"]
[Site "Lvov"]
[Date "2014.11.21"]
[Round "10"]
[White "Ivanchuk, Vassily"]
[Black "Areshchenko, Alexander"]
[Result "1/2-1/2"]
[WhiteElo "2726"]
[BlackElo "2655"]
[PlyCount "43"]
[EventDate "2014.11.11"]
[EventType "tourn"]
[EventRounds "11"]
[EventCountry "UKR"]
[EventCategory "17"]
[SourceTitle "CBM 164"]
[Source "ChessBase"]
[SourceDate "2015.01.15"]
[SourceVersion "1"]
[SourceVersionDate "2015.01.15"]
[SourceQuality "1"]

1. d4 Nf6 2. Bg5 Ne4 3. Bh4 c5 4. Nd2 Nxd2 5. Qxd2 cxd4 6. Nf3 Nc6 7. Nxd4 Qb6
8. O-O-O Nxd4 9. Qxd4 Qxd4 10. Rxd4 e5 11. Rd3 $146 ({RR} 11. Rd5 d6 12. e4 Be7
13. Bb5+ Kf8 14. Bxe7+ Kxe7 15. Rhd1 Rd8 16. Ba4 Bg4 17. f3 Be6 18. Rb5 b6 19.
Bb3 Rac8 20. Bd5 f5 21. Bxe6 Kxe6 22. exf5+ Kxf5 23. Rbd5 Ke6 24. b3 Rd7 25. c4
Rf8 {Branger,V-Bellamine,I (2135) Paris 1998 0-1 (35)}) ({RR} 11. Rd1 Be7 12.
Bg3 d6 13. e4 Bd7 14. Bc4 Rc8 15. Bd5 Bc6 16. Rhe1 Bxd5 17. Rxd5 f6 18. f3 Kf7
19. b3 a6 20. Kb2 b5 21. c3 Rc5 22. Red1 Rhc8 23. Be1 Ke6 24. b4 Rc4 25. a4 Rb8
{Sokolovs,A (2520)-Miezis,N (2435) Riga 1995 0-1 (45)}) 11... d6 12. e3 Be7 13.
Bxe7 Kxe7 14. Rc3 Rd8 15. Bb5 Bd7 16. Rc7 Rab8 17. Rd1 a6 18. Ba4 b5 19. Bb3
Rbc8 20. Rb7 Rb8 21. Ra7 Ra8 22. Rb7 1/2-1/2

[Event "UKR-ch 83rd"]
[Site "Lvov"]
[Date "2014.11.22"]
[Round "11"]
[White "Korobov, Anton"]
[Black "Ivanchuk, Vassily"]
[Result "1/2-1/2"]
[WhiteElo "2680"]
[BlackElo "2726"]
[PlyCount "88"]
[EventDate "2014.11.11"]
[EventType "tourn"]
[EventRounds "11"]
[EventCountry "UKR"]
[EventCategory "17"]
[SourceTitle "CBM 164"]
[Source "ChessBase"]
[SourceDate "2015.01.15"]
[SourceVersion "1"]
[SourceVersionDate "2015.01.15"]
[SourceQuality "1"]

1. d4 Nf6 2. c4 e6 3. Nf3 b6 4. g3 Ba6 5. b3 Bb4+ 6. Bd2 Be7 7. Bg2 c6 8. Bc3
d5 9. Nbd2 Nbd7 10. Qc2 c5 ({RR} 10... O-O 11. e4 Bb7 12. O-O Rc8 13. Rfe1 a5
14. a3 h6 15. Bb2 Qc7 16. Rad1 Rfd8 17. Qb1 Qb8 18. e5 {1/2-1/2 (18) Kramnik,V
(2802)-Adams,M (2744) Dortmund 2001}) ({RR} 10... O-O 11. e4 c5 12. exd5 exd5
13. O-O Rc8 14. Rfe1 b5 15. dxc5 dxc4 16. c6 Nc5 17. bxc4 bxc4 18. Ne5 Nd5 19.
Ndxc4 Nxc3 20. Qxc3 Qc7 21. Nd7 Bxc4 22. Rxe7 Qd6 23. Nxc5 {1-0 (23) Nezad,H 
(2365)-Pileckis,E (2447) Tromso 2014}) 11. dxc5 bxc5 12. Ne5 $146 ({RR} 12. e3
O-O 13. O-O Bb7 14. Rfd1 Qb6 15. Ne5 Nxe5 16. Bxe5 Rfd8 17. cxd5 exd5 18. Rac1
Rac8 19. Ba1 a5 20. e4 dxe4 21. Nxe4 Nxe4 22. Bxe4 Bxe4 23. Qxe4 Bf8 24. Bc3
Qb5 25. Rd2 Rxd2 26. Bxd2 Re8 {Burmakin,V (2549)-Nagy,H (2527) Zuerich 2004 1/
2-1/2 (52)}) ({RR} 12. O-O O-O 13. Bb2 Rc8 14. Rfe1 d4 15. e3 dxe3 16. fxe3 Ne8
17. Rad1 Qb6 18. Ne4 Rd8 19. Neg5 g6 20. Qe4 Bb7 21. Qh4 h5 22. g4 Ndf6 23. h3
Ng7 24. Qg3 Nfe8 25. h4 Bf6 26. Be5 Bxf3 {Kramnik,V (2788)-Leko,P (2739) Wijk
aan Zee 2010 1/2-1/2 (33)}) ({RR} 12. O-O O-O 13. Rfe1 Rc8 14. Rad1 Qb6 15. e3
Rfd8 16. Qc1 Bb7 17. Qb2 Bc6 18. cxd5 exd5 19. Nh4 Bf8 20. Qa1 Ba8 21. e4 d4
22. Nc4 Qa6 23. Bd2 Nb6 24. Bf1 Nxc4 25. Bxc4 Qc6 26. f3 Re8 {Asabri,H (2277)
-Adams,M (2731) Tripoli 2004 0-1 (36)}) 12... d4 13. Nxd7 Nxd7 14. Ba5 Qc8 15.
Bxa8 Qxa8 16. f3 O-O 17. O-O-O Bb7 18. Rhf1 f5 19. g4 Qb8 20. gxf5 exf5 21. b4
Bg5 22. Kb1 Bc6 23. Nb3 Ba4 24. Kb2 Qb7 25. f4 Be7 26. Rd3 Re8 27. Qd2 Bf6 28.
Ka3 Qa6 29. Rc1 cxb4+ 30. Bxb4 Bxb3+ 31. Kxb3 Rb8 32. a3 Nc5+ 33. Ka2 Ne4 34.
Qb2 Nc3+ 35. Bxc3 Qxc4+ 36. Ka1 Rxb2 37. Bxb2 Qe6 38. Bxd4 Qxe2 39. Rcd1 Bxd4+
40. Rxd4 Qxh2 41. Rd8+ Kf7 42. R8d7+ Kg8 43. Rd8+ Kf7 44. R8d7+ Kg8 1/2-1/2

[Event "Beijing Sportaccord blitz"]
[Site "Beijing"]
[Date "2014.12.13"]
[Round "4"]
[White "Vachier Lagrave, Maxime"]
[Black "Ivanchuk, Vassily"]
[Result "1/2-1/2"]
[WhiteElo "2758"]
[BlackElo "2704"]
[PlyCount "99"]
[EventDate "2014.12.13"]
[EventType "tourn (blitz)"]
[EventRounds "30"]
[EventCountry "CHN"]
[EventCategory "20"]
[SourceTitle "CBM 163 Extra"]
[Source "ChessBase"]
[SourceDate "2014.12.23"]
[SourceVersion "1"]
[SourceVersionDate "2014.12.23"]
[SourceQuality "1"]

1. d4 e6 2. e4 d5 3. Nc3 Bb4 4. exd5 exd5 5. Bd3 Nc6 6. Nge2 Nge7 7. a3 Bxc3+
8. Nxc3 Bf5 9. Be2 O-O 10. O-O Qd6 11. Bf3 Rad8 12. Bg5 Qg6 13. Bxe7 Nxe7 14.
Re1 Qf6 15. Qd2 c6 16. Ne2 Nc8 17. Ng3 Nd6 18. b3 Rfe8 19. c3 Bg6 20. a4 h6 21.
h3 Qg5 22. Qb2 Nf5 23. Nxf5 Bxf5 24. Rxe8+ Rxe8 25. Qc1 Qg6 26. Kh2 Qd6+ 27.
Kg1 Qg6 28. Kh2 Bc2 29. a5 Be4 30. Bxe4 Rxe4 31. Qd2 Qe6 32. Qd3 Re2 33. Qg3
Kh7 34. Rf1 Qe7 35. Qd3+ g6 36. Qf3 a6 37. b4 h5 38. Rd1 Kg7 39. Rd3 Re4 40.
Re3 Rxe3 41. fxe3 Qd6+ 42. Qf4 Qxf4+ 43. exf4 h4 44. g4 hxg3+ 45. Kxg3 Kh6 46.
Kg4 f6 47. f5 g5 48. h4 gxh4 49. Kxh4 Kh7 50. Kg4 1/2-1/2

[Event "WchT 10th"]
[Site "Tsaghkadzor"]
[Date "2015.04.26"]
[Round "7.2"]
[White "Ivanchuk, Vassily"]
[Black "Yu, Yangyi"]
[Result "1-0"]
[WhiteElo "2731"]
[BlackElo "2724"]
[Annotator "Krasenkow,M"]
[PlyCount "83"]
[EventDate "2015.04.19"]
[EventType "team-tourn"]
[EventRounds "9"]
[EventCountry "ARM"]
[SourceTitle "CBM 166"]
[Source "ChessBase"]
[SourceDate "2015.05.11"]
[SourceVersion "1"]
[SourceVersionDate "2015.05.11"]
[SourceQuality "1"]
[WhiteTeam "Ukraine"]
[BlackTeam "China"]
[WhiteTeamCountry "UKR"]
[BlackTeamCountry "CHN"]

1. d4 Nf6 2. c4 e6 3. Nc3 Bb4 4. Qc2 d5 5. cxd5 exd5 6. Bg5 h6 7. Bh4 c5 8.
dxc5 Be6 (8... g5 {is the main continuation but the text move has now become
popular.}) 9. e3 (9. O-O-O $6 {[%csl Rc1]} Bxc3 $1 10. Qxc3 Nbd7 11. b4 $2 a5
12. a3 O-O 13. f3 {1/2 (27) Breslin,W (2146)-Findlay,J ICCF 2001} axb4 14. axb4
Ra2 15. Rd2 Ra4 $19 {[%cal Yd8a8] ->}) 9... O-O (9... Nbd7 10. Bb5 Rc8 11. Nge2
Rxc5 12. Bxd7+ Bxd7 13. Qb3 (13. O-O Bb5 14. Nd4 Bxc3 15. Nxb5 Rxb5 16. Qxc3
O-O 17. Rac1 Ne4 18. Qd3 $14 {1/2 (31) Wang,H (2710)-Ni,H (2677) Shenzhen 2014}
) 13... Rc4 14. Bxf6 Qxf6 15. O-O Bc6 16. Rad1 $14 {1/2 (38) Huzman,A (2570)
-Mitkov,N (2545) Pula 2000 CBM 077 [Golod,V]}) 10. a3 {It is worth immediately
asking Black's bishop about its intentions.} (10. Bd3 d4 11. exd4 Nc6 12. Nge2
Nxd4 13. Nxd4 Qxd4 14. Bxf6 Qxf6 15. O-O Rac8 $11 {1/2 (30) Fodor,I (2056)
-Vargyas,Z (2123) Budapest 2002}) (10. Nf3 Nbd7 $5 (10... Nc6 11. Be2 Bxc5 12.
O-O Rc8 13. Rfd1 Be7 (13... Qe7 14. Rac1 g5 15. Bg3 Rfd8 16. Qa4 Bb6 17. a3 Bf5
18. Bd3 Ne4 19. Bb1 Nxc3 20. Rxc3 Bxb1 21. Rxb1 Qe4 $11 {1/2 (33) Ushenina,A 
(2487)-Kosteniuk,A (2531) Tromso 2014}) 14. Rac1 Qa5 15. Qb1 Rfd8 16. a3 a6 17.
Nd4 Nxd4 18. Rxd4 b5 19. Qa1 g5 20. Bg3 Ne4 21. Nxe4 dxe4 22. b4 Qb6 $11 {
1-0 (33) Gunina,V (2509)-Kosteniuk,A (2527) Beijing 2013}) 11. Be2 (11. a3
Bxc3+ 12. Qxc3 g5 13. Bg3 Ne4 14. Qd4 Ndxc5 15. Rd1 Nb3 16. Qb4 Nbc5 17. Nd2 a5
18. Qd4 Nxd2 19. Qxd2 Qf6 20. Bb5 Ne4 21. Qe2 Rfc8 22. O-O Rc5 23. Rd4 Rac8
$132 {0-1 (49) Boreux,P (2343)-Palmkoeck,W (2334) ICCF WS 2005}) 11... Rc8 12.
O-O (12. a3 $6 Bxc3+ 13. Qxc3 g5 14. Bg3 Ne4 15. Qd4 Ndxc5 16. Rd1 Nb3 $1 17.
Qb4 Nc1 18. Nd4 Nxe2 19. Kxe2 Rc4 $40 {0-1 (28) Raznikov,D (2494)-Erdos,V 
(2615) Jerusalem 2015}) (12. c6 bxc6 13. O-O Qa5 14. Rac1 c5 15. Rfd1 Rfe8 16.
a3 Bxc3 17. bxc3 Ne4 18. c4 Nb6 $11 {0-1 (120) Shirov,A (2701)-Adams,M (2752)
Bilbao 2014}) 12... Nxc5 13. a3 Bxc3 14. Qxc3 g5 (14... Nfe4 {1-0 (32) Gonda,L
(2540)-Perunovic,M (2620) Hungary 2015} 15. Qxc5 Rxc5 16. Bxd8 Rxd8 17. Rac1
$14) 15. Bg3 Nfe4 16. Qe1 Nxg3 17. hxg3 Nb3 18. Rd1 Qb6 $132) 10... Bxc5 (10...
Bxc3+ $5 11. Qxc3 g5 12. Bg3 Ne4 {needs investigation.}) 11. Nf3 Nbd7 (11...
Nc6 $5 {looks more appropriate after ...Bb4xc5, e.g.} 12. Rd1 Be7 13. Be2 Rc8
14. O-O Ne4 $1 15. Nxe4 Bxh4 16. Nxh4 Qxh4 $11 17. Nc5 $2 (17. Nd6) 17... Ne5
18. Qa4 Qxa4 19. Nxa4 Rc2 20. Rfe1 Rb8 21. f4 b5 $1 22. Bxb5 Rxb5 23. fxe5 Rb3
$17 {0-1 (34) Bohm,H (2430)-Romanishin,O (2580) Polanica Zdroj 1980}) 12. Bd3 (
12. Be2 $5 Rc8 13. O-O Be7 14. Qd1 Nb6 (14... a6 15. Rc1 b5 16. Nd4 $14 {
0-1 (33) Bozinovic,B (2262)-Naiditsch,A (2710) Bol 2014}) 15. Nd4 Nc4 16. Bxc4
Rxc4 17. Qd3 Qd7 18. Nce2 Rfc8 19. Rfd1 Ng4 20. Bxe7 Qxe7 21. h3 Ne5 22. Qd2
$14 {1/2 (26) Maksimenko,A (2493)-Parligras,M (2589) Germany 2015}) 12... Be7 (
12... Rc8 13. O-O Be7 14. Nd4 Nc5 {0-1 (40) Gordon,S (2516)-Movsesian,S (2677)
Caleta 2014} 15. Bf5 $5) 13. O-O Nc5 14. Rac1 (14. Nd4 $5 Nfd7 15. Bxe7 Qxe7
16. Rad1 Rac8 17. Qe2 Nxd3 18. Qxd3 Ne5 19. Qe2 Rfd8 20. h3 Nc4 21. Rc1 a6 22.
Rfd1 $14 (22. Rc2 $6 Nxb2 $1 23. Nxe6 Qxe6 24. Rxb2 Rxc3 25. Rxb7 Rxa3 26. Qb2
Ra4 $15 {1/2 (31) Marovic,D-Lengyel,L Amsterdam 1968})) 14... Rc8 15. Rfd1 $14
{[%mdl 32] Black has no positional compensation for his isolated pawn.} Qb6 (
15... Nfe4 16. Bxe4 Nxe4 17. Bxe7 Qxe7 18. Qd3 Nxc3 19. Rxc3 $14) 16. Bh7+ $1
Kh8 17. Bf5 {It is often useful to exchange the opponent's "bad" bishop - when
it is a good defender.} Nce4 (17... Bxf5 $5 18. Qxf5 Nce4 $1 $14 (18... Qxb2
19. Bxf6 Bxf6 20. Nxd5 $16)) 18. Bxe4 dxe4 19. Nd4 {[%csl Re4] Black's e4-pawn
is still weak!} Rc4 20. Qb1 Rfc8 21. h3 R8c7 (21... Bxa3 22. bxa3 Rxc3 23. Bxf6
Qxb1 24. Rxb1 gxf6 25. Rxb7 $14) 22. Rc2 Ng8 $2 {After this nervous move the
e4-pawn falls. It was better to wait passively.} 23. Bxe7 Nxe7 24. Rdc1 (24.
Rcd2 $1 {was even better since} f5 $6 25. Nxe6 Qxe6 26. Nb5 {was hopeless for
Black.}) 24... Bd5 $2 {Another mistake losing an exchange and the game.} (24...
f5 $2 {was equally poor due to} 25. b3 R4c5 26. Na4 Rxc2 27. Rxc2 Qd6 28. Rxc7
Qxc7 29. Nxe6) ({It was better to forget about the e4 pawn, playing, say,} 
24... Rc8) 25. b3 $1 (25. Nxd5 Rxc2 26. Nxc7 ({but not} 26. Rxc2 Nxd5 27. Rxc7
Nxc7 28. Qxe4 Qxb2) 26... Rxc7 27. Rxc7 Qxc7 28. Qxe4 {was possible, of course,
but now White can obtain more.}) 25... R4c5 (25... Rxd4 26. Nxd5 Nxd5 27. Rxc7
Nxc7 28. exd4 $18) 26. Na4 Rxc2 27. Rxc2 Qa5 (27... Qd6 28. Nb5) 28. b4 Qxa4
29. Rxc7 $18 Nc6 30. Qa1 Nxd4 31. Qxd4 Qb3 32. Qxa7 Kh7 33. Qc5 Qb1+ 34. Qc1
Qa2 35. Rc2 Qb3 36. Rc3 Qa2 37. Rc2 Qb3 38. Rd2 Be6 39. Rd4 Bf5 40. Rd2 b5 41.
Qb2 Qe6 42. Qd4 1-0

[Event "WchT 10th"]
[Site "Tsaghkadzor"]
[Date "2015.04.28"]
[Round "9.2"]
[White "Ivanchuk, Vassily"]
[Black "Erdos, Viktor"]
[Result "1/2-1/2"]
[WhiteElo "2731"]
[BlackElo "2613"]
[PlyCount "25"]
[EventDate "2015.04.19"]
[EventType "team-tourn"]
[EventRounds "9"]
[EventCountry "ARM"]
[SourceTitle "CBM 166"]
[Source "ChessBase"]
[SourceDate "2015.05.11"]
[SourceVersion "1"]
[SourceVersionDate "2015.05.11"]
[SourceQuality "1"]
[WhiteTeam "Ukraine"]
[BlackTeam "Hungary"]
[WhiteTeamCountry "UKR"]
[BlackTeamCountry "HUN"]
[TimeControl "40/5400+30:1800+30"]

1. Nf3 Nf6 2. c4 c5 3. Nc3 Nc6 4. e4 e5 5. d3 d6 6. g3 g6 7. Bg2 Bg7 8. O-O O-O
9. Ne1 Ne8 10. Nc2 Nc7 11. Ne3 Rb8 12. a4 Nd4 13. Ne2 1/2-1/2